[Event "CZE-tht Extraliga 2018-19"]
[Site "Czech Republic"]
[Date "2019.01.13"]
[Round "6"]
[White "Vrbata, Zbynek"]
[Black "Kraus, Tomas"]
[Result "0-1"]
[WhiteElo "2351"]
[BlackElo "2447"]
[Annotator "TA"]
[PlyCount "58"]
[EventDate "2018.11.03"]
[EventType "team-tourn"]
[EventCountry "CZE"]
[SourceTitle "playchess.com"]
[Source "ChessBase"]
[SourceQuality "1"]
[WhiteTeam "Siesta B"]
[BlackTeam "Turnov"]

{[%evp 9,58,27,43,33,51,27,37,24,33,26,45,31,41,0,25,16,17,-1,25,0,0,-13,0,-2,0,0,0,12,-2,0,3,-137,0,-36,-15,-5,0,0,12,-380,-397,-397,-390,-5370,-5317,-1727,-900,-892,-856,-812,-638]} 1. d4 d5 2. Nf3 e6 3. c4 c6 4. e3 f5 5. b3 (5. Nc3 Nd7 6. Bd3 Nh6 7. b3 Bd6 8. Bb2 Qe7 9. Ne2 a6 10. Qc2 Nf7 11. h3 b5 12. c5 Bc7 13. b4 e5 14. dxe5 Ndxe5 {½-½ (68) Melkumyan,H (2660)-Piorun,K (2612) Batumi 2018}) 5... Bd6 {LiveBook: 65 Games} 6. Bb2 {A84: Dutch Defence: 2 c4 Miscellaneous} Nd7 7. Qc2 Nh6 8. Nbd2 {White is slightly better.} O-O 9. Be2 $146 ({Predecessor:} 9. Bd3 Nf6 10. h3 Ne4 11. Rf1 b5 {1-0 (42) Makogonov,V-Klaman,K Leningrad (Russia) 1947}) 9... a5 10. Ne5 Nf7 11. Ndf3 Nfxe5 12. dxe5 Bb4+ 13. Kf1 Qe7 14. g3 dxc4 15. Bxc4 Nb6 16. Be2 Nd5 17. Kg2 b6 18. a3 ({Reject} 18. Qxc6 Bb7 $17) 18... Bc5 $1 19. Rhd1 Bb7 20. Ne1 {[#]} (20. Kg1 $11 {keeps the balance.}) 20... Rac8 (20... Bxe3 $1 $17 {[%mdl 512]} 21. Rxd5 (21. fxe3 Nxe3+) 21... cxd5 22. fxe3 d4+ 23. Bf3 dxe3) 21. Qc1 Qg5 22. Nd3 Bxe3 (22... Be7 {feels hotter.} 23. Bf3 c5 24. Nf4 Nxf4+ 25. exf4 Bxf3+ 26. Kxf3 Qh5+) 23. fxe3 Nxe3+ 24. Kf2 $2 {[%mdl 8192] [#]} (24. Kg1 $11 {and White has nothing to worry.} f4 25. Nxf4 {[%mdl 64] Remove Defender} Rxf4 26. Rd3 (26. Qxe3 $2 Rf1+ {[%mdl 64] Discovered Attack} 27. Rxf1 Qxe3+ 28. Rf2 Qxb3 $19)) 24... f4 $1 $19 {[%cal Rf4g3]} 25. Nxf4 Rxf4+ 26. gxf4 $2 (26. Kg1 Rcf8 27. Rd3 (27. Qxe3 $2 Rf1+ 28. Kg2 Qxe3 $19)) 26... Qxf4+ {[%mdl 64] Double Attack. Black is clearly winning.} 27. Bf3 Nxd1+ 28. Qxd1 Qxh2+ 29. Ke3 Qxb2 {Accuracy: White = 28%, Black = 38%.} 0-1

[Event "CZE-tht Extraliga 2018-19"]
[Site "Czech Republic"]
[Date "2019.01.13"]
[Round "6"]
[White "Vavra, Pavel"]
[Black "Simacek, Pavel"]
[Result "1/2-1/2"]
[WhiteElo "2343"]
[BlackElo "2478"]
[Annotator "TA"]
[PlyCount "23"]
[EventDate "2018.11.03"]
[EventType "team-tourn"]
[EventCountry "CZE"]
[SourceTitle "playchess.com"]
[Source "ChessBase"]
[SourceQuality "1"]
[WhiteTeam "Siesta B"]
[BlackTeam "Turnov"]

{[%evp 14,23,12,4,16,12,17,-3,-13,-11,2,-10]} 1. f4 d5 2. Nf3 g6 3. g3 Bg7 4. Bg2 c5 5. O-O Nc6 6. d3 Nh6 7. c3 O-O {A03: Bird's Opening with 1...d5} 8. e4 {LiveBook: 4 Games. The position is equal.} d4 9. h3 dxc3 $146 ({Predecessor:} 9... f6 10. Na3 Nf7 11. Nc2 e5 12. cxd4 cxd4 13. f5 Bh6 14. Bxh6 Nxh6 {½-½ (57) Jakubiec,A (2547)-Mertanen,J (2318) Krakow 2011}) 10. bxc3 b6 11. g4 {Threatens to win with g5.} Kh8 12. e5 1/2-1/2

[Event "CZE-tht Extraliga 2018-19"]
[Site "Czech Republic"]
[Date "2019.01.13"]
[Round "6"]
[White "Blatny, Pavel"]
[Black "Bernasek, Jan"]
[Result "1/2-1/2"]
[WhiteElo "2335"]
[BlackElo "2471"]
[Annotator "TA"]
[PlyCount "28"]
[EventDate "2018.11.03"]
[EventType "team-tourn"]
[EventCountry "CZE"]
[SourceTitle "playchess.com"]
[Source "ChessBase"]
[SourceQuality "1"]
[WhiteTeam "Brno"]
[BlackTeam "Siesta"]

{[%evp 12,17,6,2,0,-12,-19,-5]} 1. b3 g6 2. Bb2 Nf6 3. g3 Bg7 4. Bg2 d5 (4... O-O 5. Nf3 d6 6. O-O e5 7. c4 Re8 8. Nc3 e4 9. Nd4 c6 10. e3 Na6 11. d3 exd3 12. Qxd3 Nc5 13. Qc2 a5 14. a3 h5 15. h3 Bd7 16. b4 {1-0 (31) Karjakin,S (2782)-Mamedyarov,S (2808) Stavanger 2018}) 5. c4 (5. e3 c5 6. f4 Nc6 7. Nf3 O-O 8. O-O b6 9. Ne5 Bb7 10. Nxc6 Bxc6 11. Qe2 Rc8 {1-0 (59) Blatny,P (2454)-Bernasek,J (2384) Litomysl 2005}) 5... c6 6. cxd5 {A01: Nimzowitsch-Larsen Opening} cxd5 7. Nf3 {LiveBook: 4 Games. The position is equal.} Nc6 8. Ne5 Nxe5 9. Bxe5 {Predecessor:} O-O $146 10. O-O Bf5 11. d3 Qd7 12. Nd2 Rac8 13. Nf3 Bh3 14. Qd2 Bxg2 {½-½ (14) Sher,M (2520)-Nunn,J (2625) Hastings 1994} 1/2-1/2

[Event "CZE-tht Extraliga 2018-19"]
[Site "Czech Republic"]
[Date "2019.01.13"]
[Round "6"]
[White "Paszewski, Mateusz"]
[Black "Bartel, Mateusz"]
[Result "1/2-1/2"]
[WhiteElo "2333"]
[BlackElo "2608"]
[Annotator "TA"]
[PlyCount "58"]
[EventDate "2018.11.03"]
[EventType "team-tourn"]
[EventCountry "CZE"]
[SourceTitle "playchess.com"]
[Source "ChessBase"]
[SourceQuality "1"]
[WhiteTeam "Duras"]
[BlackTeam "Novoborsky"]

{[%evp 18,58,68,68,64,66,95,95,100,85,87,85,85,70,88,61,135,117,119,104,94,88,129,129,129,125,125,125,129,127,125,93,126,113,133,35,41,39,85,74,125,119,117]} 1. e4 e5 2. Nf3 Nc6 3. Bc4 Nf6 4. d3 Be7 5. O-O O-O 6. Re1 d6 7. a4 Bg4 8. h3 {C55: Two Knights: 4 d3, 4 d4 exd4 5 e5 and Max Lange Attack} Bh5 9. c3 (9. Nbd2 Nd4 10. g4 Nxf3+ 11. Qxf3 Bg6 12. Qg3 d5 13. exd5 Nxd5 14. Nf3 f6 15. Nxe5 fxe5 16. Qxe5 Bf7 17. Bxd5 Bxd5 18. Qxe7 Rf3 19. Qxd8+ Rxd8 20. Re5 Rxh3 21. Rh5 {½-½ (21) Wei,Y (2725)-Bu,X (2711) Ho Chi Minh City 2017}) 9... Qd7 10. Nbd2 {[%cal Bb1d2,Bd2f1,Bf1g3][%mdl 32] LiveBook: 4 Games. White is slightly better.} Rae8 11. Nf1 Qc8 $146 ({Predecessor:} 11... Kh8 12. Ng3 Bxf3 13. Qxf3 Na5 14. Nf5 Nxc4 15. dxc4 Bd8 {½-½ (43) Braun,G (2325)-Schoetzig,A Germany 1997}) 12. Ng3 Bg6 13. a5 a6 14. Nh4 Nd8 {[%cal Bc6d8,Bd8e6,Be6c5,Bc5d7,Bd7f6][%mdl 32]} 15. Qf3 Ne6 16. Nhf5 Kh8 ({Black should play} 16... Qd7 $14) 17. d4 {[%cal Bd3d4,Bd4d5][%mdl 32]} Ng8 18. h4 Bf6 {[%cal Re5d4]} 19. d5 Nc5 20. h5 Bxf5 21. Nxf5 ({Much weaker is} 21. exf5 $6 e4 $11) 21... g6 22. Nh6 {[#] Threatens to win with Nxg8.} Bg7 23. Nxg8 ({And not} 23. Nxf7+ {[#]} Rxf7 $1 {[%mdl 512]} 24. Qxf7 Rf8 $17) 23... Kxg8 24. Be3 Nd7 25. Bd3 Nf6 26. hxg6 (26. h6 $16 {Bg5 is the strong threat.} Bh8 27. Bc2) 26... fxg6 $14 27. Qh3 Qxh3 28. gxh3 h5 (28... Ra8 $142) 29. Ra4 $16 Ra8 {Accuracy: White = 69%, Black = 64%.} 1/2-1/2

[Event "CZE-tht Extraliga 2018-19"]
[Site "Czech Republic"]
[Date "2019.01.13"]
[Round "6"]
[White "Pisk, Petr"]
[Black "Jurcik, Marian"]
[Result "1/2-1/2"]
[WhiteElo "2332"]
[BlackElo "2468"]
[Annotator "TA"]
[PlyCount "86"]
[EventDate "2018.11.03"]
[EventType "team-tourn"]
[EventCountry "CZE"]
[SourceTitle "playchess.com"]
[Source "ChessBase"]
[SourceQuality "1"]
[WhiteTeam "Brno"]
[BlackTeam "Siesta"]

{[%evp 17,86,0,-3,-27,-30,-29,15,-3,22,16,24,34,43,42,25,27,40,31,54,6,20,26,52,63,41,0,0,0,0,0,7,0,4,0,0,0,0,0,0,0,0,-21,0,0,0,0,0,0,0,0,0,0,0,0,0,0,0,0,0,0,0,0,0,0,0,0,0,0,0,0,0]} 1. d4 d6 2. Nf3 g6 3. g3 Bg7 4. Bg2 f5 5. O-O Nf6 6. c3 O-O 7. Qb3+ e6 8. Nbd2 {A81: Dutch Defence: 2 g3} Nc6 (8... Kh8 9. Re1 Ne4 10. Nxe4 fxe4 11. Ng5 d5 12. f3 h6 13. Nh3 e5 14. dxe5 {1-0 (36) Aronian,L (2797)-Ivanchuk,V (2704) Beijing 2014}) 9. Re1 d5 {LiveBook: 13 Games} 10. c4 Ne4 11. e3 Kh8 12. Rd1 g5 13. Ne5 Nxe5 $146 ({Predecessor:} 13... a5 14. Ndf3 g4 15. Nxc6 bxc6 16. Ne5 Bxe5 17. dxe5 {0-1 (42) Machelett,H (2240)-Mainka,R (2485) Binz 1994}) 14. dxe5 c6 15. Nxe4 fxe4 16. Bxe4 {[%mdl 64] [#] Pin} Bxe5 {With the idea ...Qf6.} 17. f4 Bg7 18. Bg2 Qf6 19. Rf1 g4 20. Rb1 b6 21. cxd5 exd5 {The position is equal.} 22. Bd2 $1 Bf5 23. Bc3 Qe6 24. Bxg7+ Kxg7 25. Rbc1 Rae8 26. Rfe1 Rf6 27. Qc3 Be4 28. Bxe4 Qxe4 29. Qd4 (29. b4 {is interesting.} Qf5 30. Red1 Kf7 31. Rd3 Rd6 32. a4) 29... c5 30. Qxe4 Rxe4 $11 {[%mdl 4096] Endgame KRR-KRR} 31. Rcd1 Rd6 32. Kf2 Kf6 33. h3 gxh3 34. Rh1 d4 35. exd4 Rexd4 36. Rxd4 Rxd4 37. Rxh3 {KR-KR} Rd2+ {[%mdl 64] [#] Double Attack} 38. Ke3 $1 {[%cal Re3d2]} Rxb2 39. Rxh7 Rxa2 40. g4 Ra3+ 41. Ke4 Ra4+ 42. Ke3 Ra3+ 43. Ke4 Ra4+ {Accuracy: White = 73%, Black = 63%.} 1/2-1/2

[Event "CZE-tht Extraliga 2018-19"]
[Site "Czech Republic"]
[Date "2019.01.13"]
[Round "6"]
[White "Studnicka, Tomas"]
[Black "Pokorny, Petr"]
[Result "1/2-1/2"]
[WhiteElo "2309"]
[BlackElo "2219"]
[Annotator "NA"]
[PlyCount "60"]
[EventDate "2018.11.03"]
[EventType "team-tourn"]
[EventCountry "CZE"]
[SourceTitle "playchess.com"]
[Source "ChessBase"]
[SourceQuality "1"]
[WhiteTeam "Turnov"]
[BlackTeam "Siesta B"]
[TimeControl "40/5400+30:1800+30"]

1. Nf3 {[%emt 0:00:00]} d5 {[%emt 0:00:00]} 2. d4 {[%emt 0:00:00]} c6 {[%emt 0:00:08]} 3. Bg5 {[%emt 0:06:05]} h6 {[%emt 0:03:18]} 4. Bh4 {[%emt 0:01:42]} Qb6 {[%emt 0:01:24]} 5. b3 {[%emt 0:03:17]} Bf5 {[%emt 0:01:43]} 6. e3 {[%emt 0:02:29]} Nd7 {[%emt 0:03:08]} 7. Bd3 {[%emt 0:01:22]} Bxd3 {[%emt 0:00:58]} 8. Qxd3 {[%emt 0:00:03]} e6 {[%emt 0:08:53]} 9. O-O {[%emt 0:00:28]} Be7 {[%emt 0:00:17]} 10. Bxe7 {[%emt 0:03:13]} Nxe7 {[%emt 0:00:17]} 11. Nbd2 {[%emt 0:00:30]} Nf6 {[%emt 0:05:44]} 12. c4 {[%emt 0:06:07]} O-O {[%emt 0:03:04]} 13. Rab1 {[%emt 0:02:57]} a5 {[%emt 0:07:49]} 14. Rfc1 {[%emt 0:04:42]} Qa6 {[%emt 0:02:11]} 15. Ne5 {[%emt 0:03:23]} Rac8 {[%emt 0:10:44]} 16. a3 {[%emt 0:06:00]} b6 {[%emt 0:04:25]} 17. b4 {[%emt 0:06:00]} Rfd8 {[%emt 0:06:49]} 18. cxd5 {[%emt 0:12:22]} Qxd3 {[%emt 0:00:14]} 19. Nxd3 {[%emt 0:00:02]} cxd5 {[%emt 0:09:57]} 20. bxa5 {[%emt 0:01:35]} bxa5 {[%emt 0:00:07]} 21. Kf1 {[%emt 0:01:34]} Rxc1+ {[%emt 0:03:53]} 22. Rxc1 {[%emt 0:01:53]} Rc8 {[%emt 0:00:04]} 23. Rc5 {[%emt 0:05:01]} Rxc5 {[%emt 0:05:21]} 24. Nxc5 {[%emt 0:02:00]} Nc6 25. Ndb3 {[%emt 0:01:35]} Ne8 {[%emt 0:01:59]} 26. Nb7 {[%emt 0:01:28]} Nc7 {[%emt 0:00:13]} 27. N3c5 {[%emt 0:06:17]} Kf8 {[%emt 0:03:58]} 28. Ke2 {[%emt 0:06:06]} Ke7 {[%emt 0:00:09]} 29. Kd3 {[%emt 0:00:43]} Nb5 {[%emt 0:00:22]} 30. a4 {[%emt 0:00:42]} Nd6 {[%emt 0:00:06]} 1/2-1/2

[Event "CZE-tht Extraliga 2018-19"]
[Site "Czech Republic"]
[Date "2019.01.13"]
[Round "6"]
[White "Vyskocil, Neklan"]
[Black "Zilka, Stepan"]
[Result "0-1"]
[WhiteElo "2301"]
[BlackElo "2528"]
[Annotator "TA"]
[PlyCount "120"]
[EventDate "2018.11.03"]
[EventType "team-tourn"]
[EventCountry "CZE"]
[SourceTitle "playchess.com"]
[Source "ChessBase"]
[SourceQuality "1"]
[WhiteTeam "Duras"]
[BlackTeam "Novoborsky"]

{[%evp 18,120,-4,-7,0,-11,0,-8,-12,-15,0,0,3,-12,-12,-12,-10,-13,-12,-12,-12,-12,-11,-5,-9,-34,-44,-38,-4,-4,-7,-9,-13,-9,-10,-25,-22,-18,-6,-3,0,-22,-17,-20,-6,-33,-41,-46,-52,-56,21,-41,-34,-48,-35,-39,-42,-56,-37,-36,-47,-58,-49,-56,-66,-62,-33,-31,-34,-44,-28,-97,-98,-98,-56,-153,-56,-59,-68,-158,-34,-116,-117,-128,-108,-127,-129,-267,-13,-292,-292,-292,-292,-292,-292,-292,-278,-29965,-29964,-29965,-29968,-29957,-29958,-29966,-29969]} 1. d4 d5 2. c4 e6 3. Nc3 c6 4. cxd5 exd5 5. Nf3 Bd6 6. Bg5 Ne7 7. e3 Bf5 8. Bd3 {D31: Queen's Gambit Declined: Semi-Slav without ...Nf6 (+ Marshall Gambit and Noteboom) and Exchange Variation lines without ...Nf6} Bxd3 9. Qxd3 O-O 10. O-O {LiveBook: 5 Games. The position is equal.} Na6 {[%cal Bb8a6,Ba6b4,Bb4d3][%mdl 32]} 11. e4 $146 ({Predecessor:} 11. Rae1 f6 12. Bh4 Ng6 13. e4 Nb4 14. Qb1 Qd7 15. Bg3 Bxg3 16. hxg3 {0-1 (39) Oswald,H (2335)-Lau,R (2515) Binz 1994}) 11... Nb4 12. Qe2 dxe4 13. Qxe4 Qd7 14. Bxe7 Qxe7 15. Qxe7 (15. Qb1 {feels hotter.} Qd7 16. a3 Nd5 17. Nxd5 cxd5 18. Re1) 15... Bxe7 16. a3 Nd3 17. Rab1 Rfd8 18. Ne2 c5 19. Rfd1 c4 20. b3 b5 21. bxc4 bxc4 22. Nd2 Nf4 23. Nxf4 c3 {aiming for ...c2.} 24. Rb3 Rxd4 {White must now prevent ...c2.} 25. Rxc3 {Threatens to win with g3.} Rxf4 26. Nf3 Ra4 27. Rdd3 Bb4 28. Rb3 Bc5 29. Rdc3 Bb6 30. g3 f6 31. Nh4 Rd8 32. Nf5 Rd2 33. Ne3 Kf7 (33... Ra2 $15) 34. Kg2 (34. Nc4 $11 Rd1+ 35. Kg2) 34... h5 35. h4 Re4 36. Kf3 Re5 37. Kg2 Re6 38. Rd3 Ra2 39. Rbc3 Kg6 40. Kf3 Re5 41. Kg2 a5 42. Rb3 Bc5 43. Rbc3 a4 44. Kf1 (44. Kf3 $1 $11 {keeps the balance.}) 44... Bb6 $17 45. Kg2 Ba7 46. Kf1 (46. Nd1 $15) 46... Bc5 (46... Rc5 $17 47. Kg2 Bb6) 47. Kg2 $15 Bb6 48. Kf1 (48. Nd1 $15) 48... Re4 (48... Rc5 $17 {Strongly threatening ...Rxc3.} 49. Nc4 Rf5) 49. Kg2 ({Better is} 49. Nc2 $1 $15) 49... Bd4 $17 50. Kf3 Bxc3 51. Kxe4 Rxa3 {[%mdl 4096] Endgame KRB-KRN} 52. Nd5 (52. Rd7 $17 {might work better.} Ra2 53. Nd5) 52... Bb2 $2 (52... f5+ $19 53. Kf3 Bb2 54. Rxa3 Bxa3) 53. Rxa3 $4 {[%mdl 8192]} (53. Nf4+ $11 Kh7 54. Rd7) 53... Bxa3 $11 {KB-KN} 54. Nc3 Bc5 55. Nxa4 f5+ $1 ({Don't take} 55... Bxf2 56. Kf4 $19) 56. Kf4 Bd4 $1 ({Not} 56... Bxf2 57. Nc3 $17) 57. f3 $2 (57. Kf3 $19) 57... Kf6 {Black mates.} 58. g4 g6 $1 59. Kg3 {[#]} Ke5 $1 {[%cal Re5e6]} 60. Kh3 {[#]} Kf4 $1 {[%csl LRf3,LRg4] Precision: White = 37%, Black = 53%.} 0-1

[Event "CZE-tht Extraliga 2018-19"]
[Site "Czech Republic"]
[Date "2019.01.13"]
[Round "6"]
[White "Rehorek, Martin"]
[Black "Cech, Pavel"]
[Result "1/2-1/2"]
[WhiteElo "2282"]
[BlackElo "2336"]
[Annotator "NA"]
[PlyCount "62"]
[EventDate "2018.11.03"]
[EventType "team-tourn"]
[EventCountry "CZE"]
[SourceTitle "playchess.com"]
[Source "ChessBase"]
[SourceQuality "1"]
[WhiteTeam "Siesta B"]
[BlackTeam "Turnov"]
[TimeControl "40/5400+30:1800+30"]

1. e4 {[%emt 0:00:00]} e6 {[%emt 0:00:56]} 2. d4 {[%emt 0:00:00]} d5 {[%emt 0:00:04]} 3. e5 {[%emt 0:00:00]} c5 {[%emt 0:00:10]} 4. c3 {[%emt 0:00:00]} Nc6 {[%emt 0:00:16]} 5. Nf3 {[%emt 0:00:00]} Bd7 {[%emt 0:00:39]} 6. Be2 {[%emt 0:02:11]} Nge7 {[%emt 0:02:24]} 7. h4 {[%emt 0:10:43]} cxd4 {[%emt 0:17:06]} 8. cxd4 {[%emt 0:00:49]} Qb6 {[%emt 0:00:14]} 9. Na3 {[%emt 0:13:02]} Nf5 {[%emt 0:07:40]} 10. Nc2 {[%emt 0:00:20]} h5 {[%emt 0:00:23]} 11. O-O {[%emt 0:03:16]} Be7 {[%emt 0:14:26]} 12. g3 {[%emt 0:06:45]} Rc8 {[%emt 0:02:38]} 13. Rb1 {[%emt 0:05:23]} Nb4 {[%emt 0:07:29]} 14. Nxb4 {[%emt 0:01:14]} Bxb4 {[%emt 0:02:59]} 15. b3 {[%emt 0:06:34]} Bb5 {[%emt 0:01:03]} 16. Bb2 {[%emt 0:03:20]} Qa6 {[%emt 0:07:16]} 17. Bxb5+ {[%emt 0:01:27]} Qxb5 {[%emt 0:01:35]} 18. a3 {[%emt 0:01:49]} Be7 {[%emt 0:02:23]} 19. a4 {[%emt 0:00:58]} Qb6 {[%emt 0:05:18]} 20. Qd3 {[%emt 0:01:18]} O-O {[%emt 0:03:44]} 21. Rfc1 {[%emt 0:00:34]} Rc6 {[%emt 0:01:25]} 22. Rc2 {[%emt 0:06:09]} Rfc8 {[%emt 0:03:09]} 23. Rbc1 {[%emt 0:00:26]} g6 {[%emt 0:01:06]} 24. Kg2 {[%emt 0:01:09]} Kg7 {[%emt 0:00:22]} 25. Kf1 {[%emt 0:03:28]} Qb4 {[%emt 0:03:06]} 26. Kg2 {[%emt 0:02:42]} Bd8 {[%emt 0:02:26]} 27. Rxc6 {[%emt 0:09:07]} Rxc6 {[%emt 0:03:24]} 28. Rxc6 {[%emt 0:01:31]} bxc6 {[%emt 0:00:03]} 29. Qc3 {[%emt 0:00:34]} Be7 {[%emt 0:01:52]} 30. Qxb4 {[%emt 0:01:26]} Bxb4 {[%emt 0:00:05]} 31. Kf1 {[%emt 0:00:07]} c5 {[%emt 0:04:43]} 1/2-1/2

[Event "CZE-tht Extraliga 2018-19"]
[Site "Czech Republic"]
[Date "2019.01.13"]
[Round "6"]
[White "Smid, Miroslav"]
[Black "Vymazal, Bronislav"]
[Result "1-0"]
[WhiteElo "2261"]
[BlackElo "2358"]
[Annotator "NA"]
[PlyCount "61"]
[EventDate "2018.11.03"]
[EventType "team-tourn"]
[EventCountry "CZE"]
[SourceTitle "playchess.com"]
[Source "ChessBase"]
[SourceQuality "1"]
[WhiteTeam "Siesta"]
[BlackTeam "Brno"]
[TimeControl "40/5400+30:1800+30"]

1. c4 {[%emt 0:00:17]} Nf6 {[%emt 0:00:21]} 2. g3 {[%emt 0:00:27]} e5 {[%emt 0:00:16]} 3. Bg2 {[%emt 0:00:20]} c6 {[%emt 0:00:06]} 4. d4 {[%emt 0:00:40]} e4 {[%emt 0:04:56]} 5. Nc3 {[%emt 0:04:38]} d5 {[%emt 0:03:12]} 6. cxd5 {[%emt 0:05:58]} cxd5 {[%emt 0:00:07]} 7. f3 {[%emt 0:00:33]} Bb4 {[%emt 0:07:37]} 8. Bg5 {[%emt 0:09:12]} Bf5 {[%emt 0:21:20]} 9. Qb3 {[%emt 0:11:44]} Nc6 {[%emt 0:03:26]} 10. e3 {[%emt 0:00:35]} O-O {[%emt 0:10:09]} 11. Nge2 {[%emt 0:03:41]} exf3 {[%emt 0:26:35]} 12. Bxf3 {[%emt 0:00:37]} Bd3 {[%emt 0:00:48]} 13. O-O {[%emt 0:05:12]} Bc4 {[%emt 0:00:10]} 14. Qc2 {[%emt 0:13:06]} Be7 {[%emt 0:01:19]} 15. b3 {[%emt 0:02:38]} Bxe2 {[%emt 0:08:12]} 16. Qxe2 {[%emt 0:08:31]} Ne4 {[%emt 0:00:51]} 17. Bxe4 {[%emt 0:00:32]} dxe4 {[%emt 0:02:57]} 18. Bxe7 {[%emt 0:00:41]} Qxe7 {[%emt 0:00:06]} 19. Qg4 {[%emt 0:01:16]} Rae8 {[%emt 0:02:46]} 20. Rf4 {[%emt 0:04:41]} g6 {[%emt 0:02:40]} 21. Nd5 {[%emt 0:00:55]} Qd8 {[%emt 0:01:09]} 22. Nf6+ {[%emt 0:01:53]} Kh8 {[%emt 0:00:05]} 23. Qh4 {[%emt 0:03:19]} h5 {[%emt 0:00:04]} 24. Qg5 {[%emt 0:00:39]} Kg7 {[%emt 0:00:24]} 25. Nxh5+ {[%emt 0:00:12]} Kh7 {[%emt 0:00:22]} 26. Nf6+ {[%emt 0:00:12]} Kg7 {[%emt 0:00:04]} 27. Nxe8+ {[%emt 0:01:13]} Rxe8 {[%emt 0:00:11]} 28. Qc5 {[%emt 0:04:13]} Qd7 {[%emt 0:00:37]} 29. Raf1 {[%emt 0:00:27]} Re7 {[%emt 0:00:13]} 30. Qg5 {[%emt 0:01:00]} Nb4 {[%emt 0:02:15]} 31. Qf6+ {[%emt 0:00:46]} 1-0

[Event "CZE-tht Extraliga 2018-19"]
[Site "Czech Republic"]
[Date "2019.01.13"]
[Round "6"]
[White "Bartos, Jan"]
[Black "Sodoma, Jan"]
[Result "1/2-1/2"]
[WhiteElo "2178"]
[BlackElo "2324"]
[Annotator "NA"]
[PlyCount "48"]
[EventDate "2018.11.03"]
[EventType "team-tourn"]
[EventCountry "CZE"]
[SourceTitle "playchess.com"]
[Source "ChessBase"]
[SourceQuality "1"]
[WhiteTeam "Siesta B"]
[BlackTeam "Turnov"]
[TimeControl "40/5400+30:1800+30"]

1. Nf3 {[%emt 0:00:00]} Nf6 {[%emt 0:00:34]} 2. d4 {[%emt 0:03:34]} e6 {[%emt 0:00:16]} 3. c4 {[%emt 0:00:06]} b6 {[%emt 0:00:05]} 4. a3 {[%emt 0:00:03]} Bb7 {[%emt 0:07:04]} 5. Nc3 {[%emt 0:00:09]} d5 {[%emt 0:00:12]} 6. cxd5 {[%emt 0:00:11]} Nxd5 {[%emt 0:00:07]} 7. Nxd5 {[%emt 0:00:03]} Bxd5 {[%emt 0:01:59]} 8. Qc2 {[%emt 0:00:24]} Bb7 {[%emt 0:13:42]} 9. Bf4 {[%emt 0:04:14]} Bd6 {[%emt 0:00:27]} 10. Bxd6 {[%emt 0:00:36]} cxd6 {[%emt 0:00:50]} 11. e3 {[%emt 0:02:26]} O-O {[%emt 0:07:14]} 12. Be2 {[%emt 0:04:05]} Nd7 {[%emt 0:03:13]} 13. O-O {[%emt 0:00:23]} Nf6 {[%emt 0:03:30]} 14. Rfc1 {[%emt 0:05:33]} Qd7 {[%emt 0:00:25]} 15. Qc7 {[%emt 0:00:57]} Rfc8 {[%emt 0:00:15]} 16. Qxd7 {[%emt 0:00:18]} Nxd7 {[%emt 0:00:04]} 17. Nd2 {[%emt 0:00:32]} Kf8 {[%emt 0:03:51]} 18. Bf3 {[%emt 0:02:22]} Bxf3 {[%emt 0:00:09]} 19. Nxf3 {[%emt 0:00:04]} Ke7 {[%emt 0:00:12]} 20. Kf1 {[%emt 0:00:17]} Nf6 {[%emt 0:00:17]} 21. Ke2 {[%emt 0:02:09]} Ne4 {[%emt 0:00:24]} 22. Nd2 {[%emt 0:00:25]} Nxd2 {[%emt 0:00:09]} 23. Kxd2 {[%emt 0:00:06]} Kd7 {[%emt 0:00:08]} 24. Rxc8 {[%emt 0:00:52]} Rxc8 {[%emt 0:00:09]} 1/2-1/2

[Event "CZE-tht Extraliga 2018-19"]
[Site "Czech Republic"]
[Date "2019.01.13"]
[Round "6"]
[White "Krajina, Ales"]
[Black "Rabatin, Jakub"]
[Result "0-1"]
[WhiteElo "2121"]
[BlackElo "2319"]
[Annotator "NA"]
[PlyCount "72"]
[EventDate "2018.11.03"]
[EventType "team-tourn"]
[EventCountry "CZE"]
[SourceTitle "playchess.com"]
[Source "ChessBase"]
[SourceQuality "1"]
[WhiteTeam "Ostrava"]
[BlackTeam "Beskydska"]
[TimeControl "40/5400+30:1800+30"]

1. h4 {[%emt 0:00:00]} c5 {[%emt 0:00:00]} 2. h5 {[%emt 0:00:00]} h6 {[%emt 0:04:20]} 3. c3 {[%emt 0:01:34]} Nf6 {[%emt 0:13:31]} 4. d4 {[%emt 0:01:17]} cxd4 {[%emt 0:04:44]} 5. cxd4 {[%emt 0:00:30]} d5 {[%emt 0:00:11]} 6. Nf3 {[%emt 0:00:22]} Nc6 {[%emt 0:01:20]} 7. Nc3 {[%emt 0:00:46]} Bf5 {[%emt 0:09:04]} 8. Bf4 {[%emt 0:03:13]} a6 {[%emt 0:00:52]} 9. Rc1 {[%emt 0:02:50]} e6 {[%emt 0:04:01]} 10. a3 {[%emt 0:05:06]} Bd6 {[%emt 0:08:40]} 11. Ne5 {[%emt 0:17:53]} Bxe5 {[%emt 0:15:25]} 12. Bxe5 {[%emt 0:00:48]} Nxe5 {[%emt 0:00:14]} 13. dxe5 {[%emt 0:00:03]} Nd7 {[%emt 0:01:42]} 14. Qd4 {[%emt 0:01:43]} Qc7 {[%emt 0:01:28]} 15. f4 {[%emt 0:01:50]} O-O {[%emt 0:03:28]} 16. e3 {[%emt 0:00:40]} Rac8 {[%emt 0:07:47]} 17. Be2 {[%emt 0:00:35]} Nc5 {[%emt 0:01:36]} 18. Qb4 {[%emt 0:19:45]} b5 {[%emt 0:03:46]} 19. Kf2 {[%emt 0:09:53]} Rfd8 {[%emt 0:03:07]} 20. g4 Bxg4 {[%emt 0:02:40]} 21. Qd4 {[%emt 0:16:06]} Bxe2 {[%emt 0:06:15]} 22. Nxe2 {[%emt 0:00:55]} Qe7 {[%emt 0:01:42]} 23. Qd1 {[%emt 0:05:08]} Ne4+ {[%emt 0:00:36]} 24. Kf3 {[%emt 0:00:25]} f6 {[%emt 0:01:27]} 25. exf6 {[%emt 0:01:00]} Qxf6 {[%emt 0:00:04]} 26. Qd4 {[%emt 0:00:32]} Qf7 {[%emt 0:02:55]} 27. Qe5 {[%emt 0:01:18]} Nd2+ {[%emt 0:00:18]} 28. Kf2 {[%emt 0:00:11]} Nc4 {[%emt 0:00:05]} 29. Qc3 {[%emt 0:00:53]} Nd6 {[%emt 0:00:21]} 30. Qe5 {[%emt 0:00:37]} Rxc1 {[%emt 0:00:14]} 31. Rxc1 {[%emt 0:02:10]} Nc4 {[%emt 0:00:08]} 32. Qc3 {[%emt 0:00:24]} Qxh5 {[%emt 0:00:12]} 33. b3 {[%emt 0:00:16]} Nd6 {[%emt 0:00:08]} 34. Ng3 {[%emt 0:01:14]} Ne4+ {[%emt 0:01:05]} 35. Nxe4 {[%emt 0:00:11]} dxe4 {[%emt 0:00:25]} 36. Rg1 {[%emt 0:00:18]} Qf3+ {[%emt 0:00:06]} 0-1